Universidad e intelectuales : educacion y politica en la argentina (1955-1976) /

Guardado en:
Autor Principal: Suasnabar, Claudio
Formato: Libro
Publicado: Buenos Aires : Manantial, 2004
Series:Cuadernos argentinos
Materias:
Etiquetas: Agregar Etiqueta
Sin Etiquetas, Sea el primero en etiquetar este registro!
LEADER 00696nam a22002175a 4500
001 EHU.bham027896
003 AR-BHAM
005 20110518102610.0
008 130507s2004##################000#0#####d
082 3 7 |a 378.982 
100 1 |a Suasnabar, Claudio 
245 1 0 |a Universidad e intelectuales :  |b educacion y politica en la argentina (1955-1976) /  |c Claudio Suasnabar 
260 |a Buenos Aires :  |b Manantial,  |c 2004 
300 |a 301 p. 
490 0 |a Cuadernos argentinos 
653 |a Universidad argentina 
653 |a Educacion argentina 
653 |a Educacion y poder 
653 |a Politica y educacion 
653 |a Intelectuales 
859 |a AR-BHAM  |b BIB. HUMANIDADES - General  |h 378.982  |i SU12  |p 166.05  |t Ej.1